[Event "FRA-chT4 0809"]
[Site "France "]
[Date "2009.04.06"]
[Round "7.4"]
[White "Muneret, Maurice"]
[Black "Valat, Jean Marie"]
[Result "1-0"]
[WhiteElo "1726"]
[BlackElo "1710"]
[PlyCount "91"]
[EventDate "2008.10.??"]
[EventType "team-tourn"]
[EventRounds "9"]
[EventCountry "FRA"]
[SourceTitle "EXT 2010"]
[Source "ChessBase"]
[SourceDate "2010.11.25"]
[SourceVersion "1"]
[SourceVersionDate "2010.11.25"]
[SourceQuality "1"]

1. d4 d5 2. Nf3 Nf6 3. c4 e6 4. Nc3 c6 5. Bg5 Be7 6. e3 h6 7. Bh4 Nbd7 8. Bd3 dxc4 9. Bxc4 Nb6 10. Bd3 Nbd5 11. Rc1 Qa5 12. Bb1 0-0 13. 0-0 Nxc3 14. Rxc3 Qd8 15. a3 Nd5 16. Bxe7 Qxe7 17. Rc5 f5 18. Ne5 Rf6 19. Ba2 Bd7 20. Bxd5 exd5 21. f4 Be8 22. Qd2 Rc8 23. b4 Qe6 24. Rfc1 b6 25. R5c3 Qe7 26. Qc2 Rc7 27. b5 c5 28. dxc5 bxc5 29. Rxc5 Rxc5 30. Qxc5 Qxc5 31. Rxc5 Rd6 32. Nc6 a6 33. a4 axb5 34. axb5 Rd7 35. Nd4 g6 36. Kf2 Bf7 37. b6 Rb7 38. Rb5 Be8 39. Rb4 Bd7 40. Nb3 Rb8 41. b7 Bc6 42. Na5 Bd7 43. Ke2 Kf7 44. Kd3 g5 45. g3 gxf4 46. gxf4 1-0